<?xml version="1.0" encoding="UTF-8"?>
<record
    xmlns:xsi="http://www.w3.org/2001/XMLSchema-instance"
    xsi:schemaLocation="http://www.loc.gov/MARC21/slim http://www.loc.gov/standards/marcxml/schema/MARC21slim.xsd"
    xmlns="http://www.loc.gov/MARC21/slim">

  <leader>01305nam a22002657a 4500</leader>
  <controlfield tag="005">20170124103158.0</controlfield>
  <datafield tag="010" ind1=" " ind2=" ">
    <subfield code="a">A-348197</subfield>
  </datafield>
  <datafield tag="020" ind1=" " ind2=" ">
    <subfield code="c">10.00</subfield>
  </datafield>
  <datafield tag="035" ind1=" " ind2=" ">
    <subfield code="a">A-348197</subfield>
  </datafield>
  <datafield tag="037" ind1=" " ind2=" ">
    <subfield code="b">Cen Lib/Ret</subfield>
  </datafield>
  <datafield tag="040" ind1=" " ind2=" ">
    <subfield code="a">DPL</subfield>
    <subfield code="b">HN</subfield>
  </datafield>
  <datafield tag="082" ind1=" " ind2=" ">
    <subfield code="a">615.52</subfield>
    <subfield code="b">&#x926;&#x93E;&#x936;&#x935;&#x948;</subfield>
  </datafield>
  <datafield tag="100" ind1=" " ind2=" ">
    <subfield code="a">&#x926;&#x93E;&#x936;, &#x935;&#x948;&#x927; &#x92D;&#x917;&#x935;&#x93E;&#x928; </subfield>
    <subfield code="9">90694</subfield>
  </datafield>
  <datafield tag="245" ind1=" " ind2=" ">
    <subfield code="a">&#x92E;&#x927;&#x941;&#x92E;&#x947;&#x939; &#x915;&#x940; &#x91C;&#x921;&#x93C;&#x940;-&#x92C;&#x942;&#x91F;&#x940;-&#x91A;&#x93F;&#x915;&#x93F;&#x924;&#x94D;&#x938;&#x93E; /</subfield>
    <subfield code="c">&#x935;&#x948;&#x927; &#x92D;&#x917;&#x935;&#x93E;&#x928; &#x926;&#x93E;&#x936;;&#x905;&#x928;&#x941;&#x935;&#x93E;&#x926;&#x915; &#x915;&#x941;&#x92E;&#x93E;&#x930;&#x940; &#x915;&#x902;&#x91A;&#x928; &#x917;&#x941;&#x92A;&#x94D;&#x924;&#x93E; </subfield>
  </datafield>
  <datafield tag="246" ind1=" " ind2=" ">
    <subfield code="a">Madhumeh ki jadi-booti-chikitsa /</subfield>
    <subfield code="b">by Vaidh Bhagwaan Dash;anuvadak Kumari Kanchan Gupta</subfield>
  </datafield>
  <datafield tag="260" ind1=" " ind2=" ">
    <subfield code="a">&#x928;&#x908; &#x926;&#x93F;&#x932;&#x94D;&#x932;&#x940; </subfield>
    <subfield code="b">&#x92C;&#x940;. &#x91C;&#x948;&#x928;. &#x92A;&#x92C;&#x94D;&#x932;&#x93F;&#x936;&#x930;&#x94D;&#x938; </subfield>
    <subfield code="c">1987</subfield>
  </datafield>
  <datafield tag="270" ind1=" " ind2=" ">
    <subfield code="a">1921, &#x91A;&#x942;&#x928;&#x93E; &#x92E;&#x902;&#x921;&#x940;, &#x917;&#x932;&#x940; &#x928;&#x902;. 10</subfield>
    <subfield code="b">&#x928;&#x908; &#x926;&#x93F;&#x932;&#x94D;&#x932;&#x940;</subfield>
    <subfield code="e">110055</subfield>
  </datafield>
  <datafield tag="300" ind1=" " ind2=" ">
    <subfield code="a">90&#x92A;&#x943;. :</subfield>
    <subfield code="c">17&#x938;&#x947;&#x92E;&#x940;(&#x938;&#x91C;&#x93F;&#x932;&#x94D;&#x926;)</subfield>
    <subfield code="b">&#x938;&#x91A;&#x93F;&#x924;&#x94D;&#x930; </subfield>
  </datafield>
  <datafield tag="490" ind1=" " ind2=" ">
    <subfield code="a">&#x91A;&#x93F;&#x915;&#x93F;&#x924;&#x94D;&#x938;&#x93E;-&#x917;&#x94D;&#x930;&#x902;&#x925;&#x92E;&#x93E;&#x932;&#x93E; </subfield>
    <subfield code="v">3</subfield>
  </datafield>
  <datafield tag="650" ind1=" " ind2=" ">
    <subfield code="a">&#x92E;&#x927;&#x941;&#x92E;&#x947;&#x939; &#x930;&#x94B;&#x917; </subfield>
    <subfield code="9">1301</subfield>
  </datafield>
  <datafield tag="650" ind1=" " ind2=" ">
    <subfield code="a">&#x92E;&#x927;&#x941;&#x92E;&#x947;&#x939; &#x930;&#x94B;&#x917;--&#x91C;&#x921;&#x93C;&#x940;-&#x92C;&#x942;&#x91F;&#x93F;&#x92F;&#x94B;&#x902; &#x938;&#x947; &#x909;&#x92A;&#x91A;&#x93E;&#x930; </subfield>
    <subfield code="9">90695</subfield>
  </datafield>
  <datafield tag="650" ind1=" " ind2=" ">
    <subfield code="a">Diabetes Disease</subfield>
    <subfield code="9">90696</subfield>
  </datafield>
  <datafield tag="650" ind1=" " ind2=" ">
    <subfield code="a">Diabetes--Herbal remedies</subfield>
    <subfield code="9">90697</subfield>
  </datafield>
  <datafield tag="942" ind1=" " ind2=" ">
    <subfield code="2">ddc</subfield>
    <subfield code="c">HN</subfield>
    <subfield code="h">615.52</subfield>
    <subfield code="m">&#x926;&#x93E;&#x936;&#x935;&#x948;</subfield>
  </datafield>
  <datafield tag="999" ind1=" " ind2=" ">
    <subfield code="c">120490</subfield>
    <subfield code="d">120490</subfield>
  </datafield>
  <datafield tag="952" ind1=" " ind2=" ">
    <subfield code="0">0</subfield>
    <subfield code="1">0</subfield>
    <subfield code="4">0</subfield>
    <subfield code="7">0</subfield>
    <subfield code="a">L</subfield>
    <subfield code="b">L</subfield>
    <subfield code="d">2015-09-23</subfield>
    <subfield code="e">Cen Lib/Ret</subfield>
    <subfield code="g">10.00</subfield>
    <subfield code="l">1</subfield>
    <subfield code="o">615.52 &#x926;&#x93E;&#x936;&#x935;&#x948;</subfield>
    <subfield code="p">A-348197</subfield>
    <subfield code="r">2019-03-23 00:00:00</subfield>
    <subfield code="s">2019-03-05</subfield>
    <subfield code="t">1</subfield>
    <subfield code="v">10.00</subfield>
    <subfield code="w">2015-09-23</subfield>
    <subfield code="y">HN</subfield>
  </datafield>
</record>
